000 00777nam a2200229Ia 4500
005 20220221174724.0
008 210716s2011 xx 000 0 und d
020 _a9780199597062
040 _cAIMIT LIBRARY
041 _aeng
082 _a174.9658
_23
_bMALC
100 _aMallin, Christine A.
_921334
245 _aCorporate governance /
_cBy Christine A. Mallin.
250 _a3rd ed.
_bIndian Edition.
260 _aNew York :
_bOxford University Press ,
_c2011.
300 _axxi,357p. ;
_c24
650 _aCorporate Governance.
_921335
650 _aDevelopment of Corporate Governance.
_921470
650 _aTheoretical Aspect of corporate Governance.
_921471
650 _aDevelopment of Corporate Governance code
_921472
942 _2ddc
_cBK
_e3rd
_k174.9658 MALC
999 _c207113
_d207113